MDQL
is popping MORE tags! Check the
thread
!
Quizzes
Events
Quiz Creation
Community
Videos
Private Events
Remove Ads
Sign In
Join for FREE
Feedback
Dark Mode
Quiz Categories
Sports
Geography
Music
Movies
Television
Just For Fun
Miscellaneous
History
Literature
Language
Science
Gaming
Entertainment
Religion
Holiday
For Kids
Quiz Lab
Recent
Popular Today
Quiz Kudos Today
Editor Picks
Curator Picks
Quizzes by...
Day
Popularity
Type
Ratings
Length
Year
Community
Subscriptions
Recent Discussions
Orange Saloon
Badges
Playlists
Quests
Create
Leaderboards
Showdown
Live 5
Trivia Bingo
Activity
Puzzle Library
Sporcle Events
Private Events
Virtual Trivia
Globe League
Become a Host
Pub Owners
SporcleCon
Opinionation
Our Games
Videos
Blog
Mobile Apps
Partnerships
Remove Ads and Go Orange
Feedback
Literature
Harry Potter
A Song of Ice and Fire
The Hunger Games
Literary Character
Shakespeare
Book
Author
Novel
Poem
Young Adult
Children's Books
Play
Lord of the Rings
Literature
Harry Potter
A Song of Ice and Fire
The Hunger Games
Literary Character
Shakespeare
Book
Author
Novel
Poem
Young Adult
Children's Books
Play
Lord of the Rings
Random Quiz
Search Sporcle
×
Quiz Lab
Quiz Lab
Literature
Landmarks
Type in answers that appear in a list
Type in answers that appear in a list
Classic
Best Score? Go Orange.
Cities, Islands, and Landmarks of Narnia Stats
Can you name the Cities, Islands, and Landmarks of Narnia
By
Narniac
10m
50 Questions
1,180 Plays
1,180 Plays
1,180 Plays
Comments
Comments
Give Quiz Kudos
Give Quiz Kudos
-
- Ratings
hide this ad
Replay
Link that replays current quiz
Next Quiz
Link to next quiz in quiz playlist
You Got
0%
They Got
Avg Score
25%
Avg Friend Score
Upgrade to see
Score Distribution
Jump to the score distribution portion of the page
Score
0/50
Timer
10:00
0
Plays Today
Hint
Answer
% Correct
'To -
-
-
,and the north!'
Narnia
93%
The country neighboring Calormen
Archenland
87.4%
A country south of Archenland
Calormen
81.9%
Giants live here
Ettinsmoor
63.1%
A castle... you don't need more explanation.
Cair Paravel
30.3%
Where King Lune lived
Anvard
30%
One of the Lone Islands
Doorn
29.1%
One of the Lone Islands
Avra
27.1%
'There dwell the Gentle Giants'
Harfang
27.1%
The Beavers lived here
Beaversdam
26.3%
The Tisroc (May He Live Forever) lives here
Tashbaan
26.1%
A mound raised over The Stone Table
Aslan's How
25.8%
Most Northern of the Lone Islands
Felimath
25.8%
Two battles were fought here
Beruna
24.2%
One of the Seven Isles
Brenn
23.1%
Where the Lamp-
post is
Lantern Waste
22.5%
The island closest to Cair Paravel
Galma
21.9%
Golg's original home
Bism
21.4%
Lord Rhoop lived here for a looong time
Dark Island
21.2%
This river is in the middle of Narnia
The Great River
21.2%
A retired star lives here
Ramandu's Island
21%
Caspian X's grandcestors from here
Telmar
20.8%
Aslan was sighted here
Terebinthia
20.2%
Arrows should be straight, but this one isn't.
Winding Arrow River
20.1%
Lord Octesian seems to have ended up here.
Dragon Island
20%
Hint
Answer
% Correct
Where Prince Rilian was imprisoned
Underland
19.9%
A two-
headed mountain
Mount Pire
19.7%
One of the four signs was to reach this city
The Ruined City of the Giants
19.7%
Shift lived by this pool
Cauldron Pool
19.5%
Lord Bern lives in this town
Bernstead
19.2%
Lord Restimar remains on this island
Deathwater Island
19.1%
A punished star lives here
Island of the Duffers
19.1%
Reepicheep found his coracle here
Burnt Island
18.9%
It's wild and west, but there are no cowboys
Western Wild
18.9%
A large city on Doorn
Narrowhaven
18.6%
One of the Seven Isles
Muil
18.5%
Puddleglum lives in a marsh near this river
River Shribble
18.5%
The last battle was fought here
Stable Hill
18.5%
This creek is near Cair Paravel
Glasswater
18.3%
This river flows off of the Great River
River Rush
17.8%
Where the bad weather in Archenland comes from
Stormness Head
17.8%
A city on the island of Brenn
Redhaven
17.8%
A war council was held here
Dancing Lawn
17.7%
Emeth was from here
Tehishbaan
17.6%
Ancient kings are buried here
The Tombs of the Ancient Kings
17.5%
It was almost named Lily Lake
Silver Sea
17.5%
Shift got oranges and bananas here
Chippingford
16.2%
You have to cross it to reach Underland
Sunless Sea
16.1%
Puzzle lives near here
The Great Waterfall
15.8%
Lasaraleen lived by this lake
Lake Mezreel
14.8%
Quiz Playlist
Details
Report
Send in Message
Add To Playlist
Classic:
Type in answers that appear in a list
Last Updated: Feb 16, 2017
Quiz Scoreboard
CHALLENGE
Sign Up to Join the Scoreboard
Show All
Scores
Hide
Comments
May contain spoilers
Recently Published
Holiday 10x10 Sorting Gallery
by lukepisani3
Holiday
15m
Two Season TV Shows II
by 123Four
Television
10m
Image Sorting: Flags VI
by Barbecue
Geography
2m
More to Explore
Quiz From the Vault
Featured Blog Post
14 Easter Pick-up Lines to Find Eggs With
hide this ad
You Might Also Like...
Tags
City Quiz
Landmarks Quiz
island
Narnia
Today's Top Quizzes in Literature
Browse Literature
hide this ad
Today's Top Quizzes in Landmarks
Browse Landmarks
Top Contributed Quizzes in Literature
1
Sneaky Slytherin Logic Puzzle
2
Criteria Quiz: Harry Potter Deaths
3
Moaning Myrtle's Bathroom: Logic Puzzle
4
Get The Picture: Black or White Literature
5
Logic Puzzle: Avoid Dumbledore's Army
6
Harry Potter logic puzzle: The Hogwarts Soap Opera
7
Weasley Family Reunion: Logic Puzzle
8
'Middle' Earth
9
Missing Word: John Steinbeck Title Images
10
50 Books...Fast and Fatal!
Explore More
Trending Topics
NBA
Harry Potter
Disney
Crossword
Marvel
Anime
Kpop
NFL
Puzzle
WWE
The Office
Song
Country
Pokémon
Soccer
hide this ad
More By:
Narniac
Quiz
Plays
Rating
Category
Featured
Created
Cities, Islands, and Landmarks of Narnia
1,180
4.33
Literature
Jul 1, 2014
The Lion, the Witch and the Wardrobe: First 222 Words
151
3.00
Literature
Jun 30, 2014
Remember That Old Narnian Rhyme?
37
5.00
Literature
Jul 2, 2014
Chapter Titles for The Last Battle
12
4.00
Literature
Jun 30, 2014
Go to Creator's Profile
Score Distribution
Quiz Creator Spotlight
Narniac
Follow
Send a Message
Quizzes Created
-
Created Quiz Play Count
-
More By This Creator
Popular Quizzes Today
1
Find the US States - No Outlines Minefield
2
Colored Red Africa Blitz
3
Find the 'City' Movie
4
The Countries of the World
5
5x2 Blitz: Bands
6
Find the US States
7
Find the Countries of Europe - No Outlines Minefield
8
US States
More Literature Quizzes
Literary and Artistic Pets
Published
Trending Quizzes
Colored Red Europe Blitz I
Colored Red Europe Blitz II
Colored Red Africa Blitz II
Colored Red Europe Blitz III
Colored Red Africa Blitz III
Recently Updated
Odd Team Out - Big 4 Players
pecheneg
Quick Pick: 20 Twenties
pecheneg
March Madness Men's Triple Doubles
pecheneg
How Do You Spell That?
pecheneg
Godzilla Movies
pecheneg
Grab Bag: 4-10 Letters
pecheneg
2024 March Madness Bracket
pecheneg
Famous TV Couples
Peacemaker
Champions League XIs: Real Madrid
pecheneg
Largest US Cities 1790-2010
pecheneg
Trending Topics
Harry Potter
NBA
Marvel
Crossword
Anime
Disney
Kpop
The Office
Song
Puzzle
Country
Soccer
Pokémon
NFL
WWE
Your Account Isn't Verified!
In order to create a playlist on Sporcle, you need to verify the email address you used during registration. Go to your
Sporcle Settings
to finish the process.
Report this User
Report this user for behavior that violates our
Community Guidelines
.
Details:
Send Report
Go to the Sporcle.com Mobile Site →
Comments